LEADER 01182nam 2200385 450 001 9910511766103321 005 20190524174425.0 010 $a92-4-069917-1 035 $a(CKB)4100000000588790 035 $a(MiAaPQ)EBC5916246 035 $a(EXLCZ)994100000000588790 100 $a20191031d2016 uy 0 101 0 $aeng 135 $aurcnu|||||||| 181 $ctxt$2rdacontent 182 $cc$2rdamedia 183 $acr$2rdacarrier 200 10$aVoluntary health insurance in Europe $erole and regulation /$fwritten by Anna Sagan and Sarah Thomson 210 1$aCopenhagen, Denmark :$cWorld Health Organization :$cEuropean Observatory on Health Systems and Policies,$d[2016] 210 4$dİ2016 215 $a1 online resource (xvi, 122 pages) 311 $a92-890-5038-1 606 $aHealth insurance$zEurope 608 $aElectronic books. 615 0$aHealth insurance 676 $a368.38 700 $aSagan$b Anna$01067230 702 $aThomson$b Sarah 801 0$bMiAaPQ 801 1$bMiAaPQ 801 2$bMiAaPQ 906 $aBOOK 912 $a9910511766103321 996 $aVoluntary health insurance in Europe$92550735 997 $aUNINA LEADER 00989nam a2200265 i 4500 001 991000332889707536 005 20020527111545.0 008 010810s1980 it ||| | ita 035 $ab10062555-39ule_inst 035 $aPARLA219750$9ExL 040 $aDip.to Filosofia$bita 082 0 $a501 100 1 $aSemerari, Giuseppe$0122730 245 13$aLa scienza come problema :$bdai modelli teorici alla produzione di tecnologie :$buna ricerca interdisciplinare /$cSemerari ... [et al.] ; a cura di Giuseppe Semerari 260 $aBari :$bDe Donato,$c1980 300 $a210 p. ;$c23 cm. 650 4$aEpistemologia 650 4$aRicerca scientifica 650 4$aTecnologia 907 $a.b10062555$b21-09-06$c27-06-02 912 $a991000332889707536 945 $aLE005 MF 24 H 22$g1$i2005000236426$lle005$o-$pE0.00$q-$rl$s- $t0$u0$v0$w0$x0$y.i10071003$z27-06-02 996 $aScienza come problema$9194108 997 $aUNISALENTO 998 $ale005$b01-01-01$cm$da $e-$fita$git $h3$i1